[Event "Top 12 FRA-chT 2017"]
[Site "Chartres"]
[Date "2017.05.22"]
[Round "5"]
[White "Nezar, Mustapha"]
[Black "Pelletier, Yannick"]
[Result "1/2-1/2"]
[WhiteElo "2354"]
[BlackElo "2543"]
[Annotator "TA"]
[PlyCount "116"]
[EventDate "2017.??.??"]
[EventType "team-tourn"]
[EventCountry "FRA"]
[SourceTitle "playchess.com"]
[Source "ChessBase"]
[SourceQuality "1"]
[WhiteTeam "Vandoeuvre"]
[BlackTeam "Bischwiller"]

{[%evp 16,116,20,28,28,25,31,27,32,25,31,12,10,10,8,8,9,9,15,9,14,4,8,5,9,6,8,0,1,0,7,1,1,0,0,0,0,0,1,1,1,0,0,0,7,0,1,0,4,0,0,0,0,0,0,0,0,0,0,0,0,0,0,-17,-10,-15,-14,-10,-8,-8,-8,-8,-8,-9,-8,-29,-8,-8,-8,-101,-41,-41,-46,-67,-41,-41,-35,-38,-8,-8,-8,-8,-8,-8,-8,-8,-8,-8,-8,-8,0,0,8]} 1. e4 c6 2. Nc3 d5 3. Nf3 Bg4 4. h3 Bxf3 5. Qxf3 Nf6 6. g3 e6 7. Bg2 Nbd7 8. Qe2 {B11: Caro-Kann: Two Knights Variation} (8. d4 dxe4 9. Nxe4 Nxe4 10. Qxe4 Nf6 11. Qd3 Be7 12. O-O O-O 13. Re1 Qb6 14. c3 Rfd8 15. Qe2 a5 {½-½ (47) Neiksans,A (2620)-Chigaev,M (2550) Liepaja 2016}) 8... dxe4 9. Nxe4 {LiveBook: 19 Games} Be7 10. O-O {White has an edge.} O-O 11. d4 $146 ({Predecessor:} 11. Nxf6+ Bxf6 12. d3 Qc7 13. Bf4 e5 14. Be3 {0-1 (32) Kulhanek,T (2410)-Willemze,J (2413) Kemer 2007}) 11... Re8 12. c3 a5 13. Bf4 Nxe4 14. Qxe4 Bg5 15. Rfe1 Bxf4 16. Qxf4 Qb6 17. Qd2 Rad8 18. Rad1 h6 19. Qc2 Nf6 20. Bf3 Rd6 21. Re5 Nd7 22. Ree1 Rd8 23. Kg2 Nf6 24. Re5 Qc7 25. Ree1 b6 26. Qb3 R8d7 27. Qc4 Qd8 28. Qa4 Qc7 29. Qc4 Qd8 30. Qa4 Qc8 31. Qc4 Rd8 32. Qb3 c5 33. dxc5 Qxc5 34. Rxd6 Rxd6 35. Rd1 Kf8 36. Rxd6 Qxd6 37. Qc4 Nd7 38. Qc6 (38. a3 {keeps more tension.} Ne5 39. Qc8+ Ke7 40. Qb7+ Kf6 41. Qe4) 38... Ke7 39. Qxd6+ Kxd6 $11 {[%mdl 4096] Endgame KB-KN} 40. Kf1 Nc5 41. b3 $1 e5 42. Ke2 e4 43. Bg2 Ke5 44. Ke3 f5 45. h4 g5 46. hxg5 hxg5 47. Bf1 {[#]} (47. f4+ $11 exf3 48. Bxf3) 47... f4+ ({Black should play} 47... a4 $1 $17 48. Bc4 axb3 49. axb3 f4+ 50. Ke2 Ne6) 48. gxf4+ $15 gxf4+ 49. Kd2 Nd7 50. Bh3 Nf6 51. a3 f3 52. b4 {The position is equal.} Nd5 53. Bf1 Kf4 54. c4 e3+ 55. fxe3+ Nxe3 56. Bd3 $1 axb4 57. axb4 Ng4 58. c5 Ke5 {Precision: White = 66%, Black = 66%.} 1/2-1/2

[Event "Top 12 FRA-chT 2017"]
[Site "Chartres"]
[Date "2017.05.22"]
[Round "5"]
[White "Roos, Louis"]
[Black "Guichard, Pauline"]
[Result "1/2-1/2"]
[WhiteElo "2346"]
[BlackElo "2312"]
[Annotator "TA"]
[PlyCount "124"]
[EventDate "2017.??.??"]
[EventType "team-tourn"]
[EventCountry "FRA"]
[SourceTitle "playchess.com"]
[Source "ChessBase"]
[SourceQuality "1"]
[WhiteTeam "Strasbourg"]
[BlackTeam "Clichy"]

{[%evp 18,124,-18,-13,0,0,0,-9,-1,0,0,8,13,-27,-15,-25,-21,-82,-51,-68,-2,-62,-54,-68,0,-36,-22,-25,-35,-42,-13,-23,-16,-25,-21,-37,-20,-91,-86,-112,-12,-14,-13,-119,-130,-114,-122,-170,-170,-193,-203,-229,-237,-344,-350,-340,-318,-311,-166,-168,-144,-188,-185,-184,-184,-184,-184,-320,-187,-187,-185,-172,-165,-177,-172,-142,-64,-77,-77,-73,-59,-59,-60,-64,-62,-60,-58,-74,-45,-78,-86,-161,-161,-161,-161,-161,0,0,0,0,0,0,0,0,0,0,0,0,0]} 1. c4 Nf6 2. Nf3 e6 3. b3 b6 4. Bb2 Bb7 5. e3 Be7 6. Be2 O-O 7. O-O c5 8. a3 Nc6 9. d3 d5 10. Nbd2 dxc4 {A30: Symmetrical English: Double Fianchetto and Hedgehog} (10... Qd7 11. cxd5 Nxd5 12. Rc1 Bf6 13. Qc2 Rac8 14. Bxf6 Nxf6 15. Qb2 Qe7 16. Rc2 Rfd8 17. Rfc1 h6 18. Nc4 {1-0 (68) Balog,I (2554)-Kosic,D (2517) Hungary 2012}) 11. bxc4 Qc7 12. Qc2 Rfd8 13. Rfd1 $146 ({Predecessor:} 13. Rfe1 Rd7 14. Bc3 Ne8 15. Ne4 Qd8 16. Rad1 Nf6 17. Ned2 Ne8 18. Ne4 {0-1 (40) Morales Camacho,J (2230)-Solana Suarez,E (2385) Santa Cruz de Tenerife 1995}) 13... Ng4 14. h3 Nge5 15. Ne1 Rd7 16. f4 Ng6 17. Nef3 (17. g3 $11) 17... Rad8 18. Ne4 Bf8 (18... f5 $15 19. Ng3 Rf8) 19. Qc3 (19. h4 $11) 19... Nce7 $15 20. Ng3 Qc6 (20... Nf5 $15 21. Nxf5 exf5) 21. a4 (21. h4 $5 {[%cal Rh4h5]}) 21... Nf5 22. Nxf5 exf5 23. Qe1 Be7 (23... Qe6 $5 {[%cal Re6e3]} 24. Qf2 f6 $11) 24. Bf1 Bf6 25. Bxf6 Qxf6 26. Qf2 Re8 $36 {[%mdl 2048] White should prevent ...Bxf3. Black fights for an advantage.} 27. Re1 (27. a5 $11) 27... Rde7 $17 28. a5 Qd6 ({Better is} 28... Bxf3 $17 29. Qxf3 Rxe3 $1 {[%mdl 512]} 30. Rxe3 Rxe3 31. Qxe3 Qxa1 32. axb6 axb6 33. Qe8+ Nf8) 29. axb6 $11 axb6 30. Rab1 (30. Nd2 $11 {remains equal.}) 30... Bxf3 $1 $17 31. Qxf3 {[#]} Nxf4 $1 {[%mdl 512]} 32. Rbd1 (32. exf4 Rxe1) 32... g6 33. Kf2 Ne6 34. Ra1 f4 35. Qd5 (35. Rab1 $142) 35... fxe3+ $19 36. Rxe3 Qf4+ 37. Rf3 Qh4+ (37... Qc7 $142 38. g3 Kg7) 38. g3 Qh6 {Threatens to win with ...Nd4.} 39. Ra8 Qd2+ 40. Kg1 Rxa8 $1 41. Qxa8+ Kg7 $1 42. Qb8 (42. Rf2 $142 Qg5 43. Qb8) 42... Nd4 (42... Ng5 $142 43. Rf2 Qe1) 43. Rf2 Qe3 {Hoping for ...Nf3+.} 44. Kg2 Re5 45. Qxb6 Rf5 46. Rxf5 Nxf5 (46... gxf5 $17 47. Qb7 h6) 47. Qb2+ $15 Nd4 {Strongly threatening ...Qf3+.} 48. Qf2 Qxf2+ 49. Kxf2 $17 {[%mdl 4096] Endgame KB-KN} Kf6 50. Bg2 Ke5 51. Bd5 f6 52. h4 Nf5 53. Be4 Nd6 54. Ke3 (54. Bd5 $17) 54... Nxe4 $19 55. dxe4 {[#] KP-KP} h6 $1 56. Kd3 {[#]} g5 $2 (56... f5 $1 $19 {[%cal Rf5e4]} 57. exf5 Kxf5) 57. h5 $11 {The position is equal.} f5 (57... g4 $5) 58. Ke3 $1 g4 (58... fxe4 $5 59. g4 $8 Kd6 60. Kxe4 Ke6 $11) 59. exf5 Kxf5 60. Kd3 Ke5 61. Ke3 Kf5 62. Kd3 Ke5 {Precision: White = 38%, Black = 56%.} 1/2-1/2

[Event "Top 12 FRA-chT 2017"]
[Site "Chartres"]
[Date "2017.05.22"]
[Round "5"]
[White "Coursaget, Nicolas"]
[Black "Kveinys, Aloyzas"]
[Result "0-1"]
[WhiteElo "2311"]
[BlackElo "2520"]
[Annotator "TA"]
[PlyCount "78"]
[EventDate "2017.??.??"]
[EventType "team-tourn"]
[EventCountry "FRA"]
[SourceTitle "playchess.com"]
[Source "ChessBase"]
[SourceQuality "1"]
[WhiteTeam "Lisieux"]
[BlackTeam "Saint Quentin"]

{[%evp 16,78,13,12,20,18,22,29,26,18,20,11,18,28,27,32,46,0,0,-9,-8,-10,35,-70,-86,-102,-110,-118,-91,-109,-108,-97,-33,-75,-50,-66,-33,-59,-40,-93,-13,-35,-29,-118,14,29,25,0,0,0,0,-576,-554,-560,-555,-555,-517,-566,-540,-641,-626,-790,-775,-715,-662]} 1. d4 Nf6 2. c4 e6 3. Nf3 d5 4. Nc3 Be7 5. Bf4 O-O 6. e3 Nbd7 7. c5 c6 8. Bd3 b6 9. b4 {LiveBook: 150 Games. D37: Queen's Gambit Declined: 5 Bf4} a5 10. a3 h6 (10... Ba6 11. O-O Qc8 12. Rb1 h6 13. h3 axb4 14. axb4 Qb7 15. Ne1 Rfc8 16. Qc2 Bd8 17. Bxa6 Rxa6 {0-1 (46) Rodshtein,M (2687)-Adams,M (2745) Germany 2016}) 11. O-O {The position is equal.} Ba6 12. b5 $146 ({Predecessor:} 12. Ne1 axb4 13. axb4 Bxd3 14. Nxd3 b5 15. f3 Nh5 16. Be5 Re8 17. g4 {1-0 (25) Markowski,P (2164)-Staniszewski,P (2163) Poland 2012}) 12... Bb7 13. cxb6 Nxb6 14. bxc6 Bxc6 15. Ne5 Be8 16. Nb5 Ne4 17. a4 f6 18. Ng4 (18. Ng6 $5 Bxg6 19. Bc7 $11) 18... Bxb5 19. Nxh6+ (19. axb5 $14 Bd6 20. f3 Bxf4 21. fxe4 (21. exf4 Nd6 $11)) 19... gxh6 $15 20. axb5 f5 21. Qh5 {[#] Qg6+ is the strong threat.} Qe8 $1 {[%cal Re8h5]} 22. Qxh6 Rf6 23. Qh3 Rg6 (23... Rf7 $17 {Hoping for ...Rh7.} 24. Qh5 (24. Bxe4 dxe4 25. Qh6 Rf6 $17) 24... Bb4) 24. f3 Ng5 25. Qg3 Nh7 26. Qe1 Bb4 27. Qb1 ({Better is} 27. Qe2 $15) 27... Rc8 (27... Nc4 $17 28. e4 Bc3) 28. Ra2 Nc4 {next ...Nf6 is good for Black.} 29. e4 {[#]} (29. Kh1 $11) 29... Na3 ({Much worse is} 29... Qxb5 $6 30. exf5 Rf6 31. Be5 $11) (29... Ng5 $1 $17 {[%cal Rg5h3]} 30. exf5 Nh3+ 31. Kh1 Nxf4 32. fxg6 Nd2 33. Rxd2 Bxd2) 30. Rxa3 $11 Bxa3 31. exf5 Rg7 32. fxe6 {Black must now prevent Be5.} Ng5 $36 {[%mdl 2048] Black is more active.} 33. Be5 $2 {[%mdl 8192] [#]} (33. Kh1 $1 $11 {and White is okay.}) 33... Nxf3+ $1 $19 {[%mdl 512] Black is clearly winning.} 34. Rxf3 Rc1+ 35. Qxc1 Bxc1 36. Bd6 Bg5 37. b6 Bd8 38. e7 Bxe7 39. Be5 Qc6 {Precision: White = 31%, Black = 54%.} 0-1

[Event "Top 12 FRA-chT 2017"]
[Site "Chartres"]
[Date "2017.05.22"]
[Round "5"]
[White "Ouakhir, Pierre Mehdi"]
[Black "Babault, Patrice"]
[Result "0-1"]
[WhiteElo "2277"]
[BlackElo "2411"]
[Annotator "TA"]
[PlyCount "92"]
[EventDate "2017.??.??"]
[EventType "team-tourn"]
[EventCountry "FRA"]
[SourceTitle "playchess.com"]
[Source "ChessBase"]
[SourceQuality "1"]
[WhiteTeam "Montpellier"]
[BlackTeam "Nice Alekhine"]

{[%evp 19,92,0,0,-50,-58,-118,-139,-114,-130,-264,-275,-353,-351,-347,-335,-471,-383,-446,-227,-211,-222,-185,-77,-130,-103,-94,-85,-133,-76,-82,-83,-85,-69,-206,-214,-256,-135,-256,-256,-256,-256,-256,-250,-247,-256,-249,-194,-247,-238,-229,-62,-238,-230,-393,-254,-250,-227,-228,-222,-256,-227,-354,-248,-238,-221,-243,-234,-393,-392,-368,-333,-794,-798,-791,-791]} 1. d4 d5 2. c4 c6 3. Nc3 Nf6 4. e3 e6 {[%cal Be7e6,Be6e5,Be5d4,Bd4c3][%mdl 32]} 5. Nf3 Nbd7 6. Bd3 dxc4 7. Bxc4 b5 8. Bd3 Bd6 9. e4 e5 10. O-O O-O 11. Re1 {D46: Semi-Slav: 5 e3 Nbd7 6 Bd3, Black avoids the Meran} (11. Bg5 Re8 12. d5 cxd5 13. Bxb5 d4 14. Nd5 Be7 15. Bxf6 Bxf6 16. Rc1 Rb8 17. Qa4 Rb7 18. Rc4 Rf8 {½-½ (70) Dubov,D (2600)-Smeets,J (2615) Wijk aan Zee 2013}) 11... exd4 12. e5 $146 (12. Ne2 $15) ({Predecessor:} 12. Nxd4 Ne5 13. Bc2 Bc5 14. Nb3 Nfg4 15. Nxc5 Qh4 16. Qd2 Qxh2+ 17. Kf1 Qh1+ 18. Ke2 Qxg2 19. Qf4 Nxf2 20. Rg1 Qxg1 21. Qxe5 Bg4+ 22. Kd2 Rad8+ {0-1 (22) Gavilan Diaz,M (2278)-Recuero Guerra,D (2480) Malaga 2010}) 12... Nxe5 $1 $17 13. Nxe5 {Black is clearly better.} dxc3 14. Nxc6 (14. bxc3 $17 Bxe5 15. Rxe5) 14... Qc7 $19 15. Bxb5 Bb7 (15... Bxh2+ 16. Kh1 $19) 16. Nd4 Bxh2+ 17. Kh1 (17. Kf1 {is a better defense.} Rad8 18. bxc3) 17... Be5 18. bxc3 Ne4 (18... Qxc3 $142 {( -> ...Qh3+)} 19. Be3 Rfd8) 19. Be3 Nxc3 20. Qg4 {[#]} Bc8 $40 {[%mdl 128] Black wants a kill.} (20... h5 $1 $19 {[%mdl 512]} 21. Qd7 (21. Qxh5 Nxb5) 21... Nxb5 22. Qxb5 a6) 21. Qh4 (21. Qh5 $142) 21... Nxb5 (21... Bxd4 22. Bd3 $16) 22. Nxb5 Qd7 23. Rab1 Bf6 ({Black should try} 23... Rb8 24. Bd4 Bxd4 25. Nxd4 Rxb1 26. Rxb1 Qd5) 24. Bg5 Bxg5 25. Qxg5 Rb8 {[%cal Ba8b8,Bb8b6,Bb6g6][%mdl 32] White must now prevent ...h6.} 26. Re7 ({Better is} 26. a4 $15) 26... Qd3 27. Rb3 Qf1+ 28. Kh2 {[#]} Rb6 $1 {[%cal Rb6g6]} ({Don't take} 28... Qxf2 29. Rg3 $17) 29. Rg3 {[%csl Gg3][%cal Rg5g7]} Rg6 30. Qh5 Qxf2 31. Rxg6 hxg6 32. Qe5 a6 33. Nd6 (33. Qd4 $142 Qf5 34. Nd6 Qh5+ 35. Kg1) 33... Be6 {And now ...Qh4+ would win.} ({Don't go for} 33... Qxa2 $2 34. Ne8 $18) 34. Ne8 {[%csl Ge8][%cal Re5g7]} Qh4+ 35. Kg1 {[%csl Ge8][%cal Re5g7]} Qh6 36. Nc7 $2 (36. a3) 36... Bxa2 {...Rd8 is the strong threat.} 37. Nxa6 g5 38. Nc5 Qb6 39. Kh2 {intending Nd7.} Qb8 40. Rc7 (40. Qxb8 $142 Rxb8 41. Re2) 40... f6 41. Qd6 Bf7 42. Nd7 Rd8 43. Kh1 $2 (43. Qb6 {keeps fighting.} Qxb6 44. Nxb6) 43... Qb1+ 44. Kh2 Qf5 45. Qe7 $2 (45. Rb7) 45... Qf4+ 46. Kg1 Re8 {Precision: White = 44%, Black = 67%.} ({Inferior is} 46... Qxc7 {[#]} 47. Nxf6+ $1 {[%mdl 512]} gxf6 48. Qxc7 $11) 0-1

[Event "Top 12 FRA-chT 2017"]
[Site "Chartres"]
[Date "2017.05.22"]
[Round "5"]
[White "Maisuradze, Nino"]
[Black "Steil-Antoni, Fiona"]
[Result "1/2-1/2"]
[WhiteElo "2260"]
[BlackElo "2155"]
[Annotator "TA"]
[PlyCount "148"]
[EventDate "2017.??.??"]
[EventType "team-tourn"]
[EventCountry "FRA"]
[SourceTitle "playchess.com"]
[Source "ChessBase"]
[SourceQuality "1"]
[WhiteTeam "Bischwiller"]
[BlackTeam "Vandoeuvre"]

{[%evp 16,148,0,0,2,8,27,27,54,15,58,-44,10,-21,-16,-23,0,-1,-4,-20,5,14,6,0,26,0,4,-21,31,23,37,-17,0,-19,22,17,22,26,31,29,49,43,57,33,39,0,0,0,3,18,48,0,0,0,0,0,0,0,0,0,0,0,0,0,0,-23,-25,-337,-317,-522,-517,-483,-159,-146,-155,-440,-275,-337,-337,-334,-320,-288,-329,-316,-306,-401,-395,-506,-502,-758,-678,-1545,-1533,-1499,-1503,-1484,-1471,-1089,-984,-1205,-1000,-903,0,0,0,0,0,0,0,-202,-202,-202,-178,-178,-178,-178,-178,-178,-178,-178,-178,-178,-178,-178,-178,-178,-178,-178,-178,-178,-178,-178,-183,-198,-147]} 1. d4 e6 2. Nf3 Nf6 3. Bf4 d5 4. e3 Be7 5. h3 O-O 6. Bd3 c5 7. c3 b6 8. Qe2 {D02: 1 d4 d5 2 Nf3 sidelines, including 2...Nf6 3 g3 and 2...Nf6 3 Bf4} Bb7 9. Nbd2 {LiveBook: 3 Games} Ne4 10. g4 {The position is equal.} (10. O-O Nd7 11. Bh2 a5 12. Rad1 Qc8 13. Ne5 Nxd2 14. Rxd2 Nf6 15. Rc1 cxd4 16. exd4 Ba6 17. Bxa6 Qxa6 18. Qxa6 Rxa6 {½-½ (48) Mitkov,N (2561)-Naiditsch,A (2664) Turin 2006}) 10... c4 $146 ({Predecessor:} 10... Nd7 11. h4 a6 12. g5 b5 13. Nh2 c4 14. Bxe4 dxe4 15. Qg4 Rc8 16. h5 b4 17. Nb1 e5 {½-½ (17) Petersen,S (2085)-Mortensen,H (2150) Copenhagen 1994}) 11. Bc2 b5 12. O-O Nd7 13. Ne1 (13. Nxe4 $14 dxe4 14. Nd2) 13... f6 ({Black should play} 13... a5 $15) 14. f3 Nxd2 15. Qxd2 e5 16. Bg3 Bd6 17. Rd1 Qe7 18. Ng2 {[%cal Be1g2,Bg2h4,Bh4f5][%mdl 32]} Rad8 19. Nh4 Bc7 20. Rde1 Rfe8 21. Qf2 Nf8 (21... b4 $11) 22. Nf5 $14 Qd7 23. Bh2 ({White should try} 23. Qh2 $14) 23... g6 24. Ng3 Re7 25. f4 e4 26. f5 g5 27. Nh5 Kf7 28. h4 h6 29. hxg5 hxg5 30. a4 (30. Bxc7 {is more complex.} Qxc7 31. Kg2 Qd6 32. Rh1 Kg8 33. Qg3) 30... bxa4 31. Bxc7 Qxc7 32. Bxa4 Nd7 33. Bxd7 Rexd7 34. Ra1 a5 35. Kg2 Bc6 36. Rh1 Rh8 37. Nxf6 Rxh1 38. Rxh1 Kxf6 39. Rh6+ Kg7 40. Rg6+ (40. Rh5 $5 {[%cal Rf5f6]} Kf6 41. Rh6+ Kg7 42. Rh5 $11) 40... Kf8 {aiming for ...Rh7.} 41. Rxg5 $2 {[%mdl 8192]} (41. Qg3 $1 $11 {and White has nothing to worry.}) 41... Rh7 $19 {( -> ...Rh2+)} 42. Qg3 $2 (42. Qf4 {is a better defense.} Qxf4 43. exf4) 42... Qxg3+ 43. Kxg3 {[%mdl 4096] Endgame KRB-KR} Be8 $2 (43... Rh6 $19 {is more deadly. Strongly threatening ...Be8.} 44. Kf4 Be8) 44. f6 $17 Bf7 $1 45. Rf5 $2 (45. Re5 $17) 45... Rh1 46. Rf2 {and the idea Kf4 leaves White hopeful.} Be6 47. Kf4 Kf7 48. Ke5 {If White can now play Rg2 this consolidates a bit.} Bxg4 49. Kxd5 {[#]} Bf3 $1 50. Kxc4 Re1 51. d5 Rxe3 52. Kd4 (52. b4 $142 Re2 53. Rf1) 52... Rd3+ $19 53. Ke5 e3 54. Rxf3 {[#]} e2 $3 {[%mdl 512]} 55. Rxd3 e1=Q+ {KQ-KR} 56. Kd4 Qf2+ 57. Kc4 Qxb2 58. d6 {[#]} Qb8 $2 (58... Qa2+ $1 $19 59. Kc5 Qf2+ 60. Rd4 Ke8) 59. d7 $11 Qd8 {White should prevent ...a4.} 60. Kb5 Kxf6 {White must now prevent ...a4!} 61. c4 Ke7 {Threatens to win with ...Qb8+.} (61... a4 $5 {[%cal Ra4a3]} 62. Kc6 Kg5 $11) 62. c5 $2 (62. Ka4 $1 $11) 62... Qb8+ $19 {Black is clearly better.} 63. Kxa5 Qa7+ 64. Kb4 Qb7+ 65. Kc3 Kd8 66. Rd6 Qb5 67. Kd4 Qb4+ 68. Kd5 Qb3+ 69. Kc6 Qa4+ 70. Kb6 Qb4+ 71. Kc6 Qb3 72. Rd4 Qe6+ 73. Rd6 Qe4+ 74. Kb5 Qb7+ {Precision: White = 32%, Black = 43%.} ({Better is} 74... Qf4 $19 75. Kc6 Qe4+ 76. Kb6 Qb4+ 77. Kc6 Qc4) 1/2-1/2

[Event "Top 12 FRA-chT 2017"]
[Site "Chartres"]
[Date "2017.05.22"]
[Round "5"]
[White "Iglesias, Joachim"]
[Black "Le Roux, Jean-Pierre"]
[Result "1/2-1/2"]
[WhiteElo "2258"]
[BlackElo "2538"]
[Annotator "TA"]
[PlyCount "143"]
[EventDate "2017.??.??"]
[EventType "team-tourn"]
[EventCountry "FRA"]
[SourceTitle "playchess.com"]
[Source "ChessBase"]
[SourceQuality "1"]
[WhiteTeam "Vandoeuvre"]
[BlackTeam "Bischwiller"]

{[%evp 15,143,-4,4,-21,7,0,13,6,20,19,7,0,-7,-15,-19,0,0,-18,0,-65,-64,-113,-100,-141,-141,-141,-7,-5,14,14,14,14,14,15,15,7,85,77,83,67,65,0,0,2,82,5,66,26,45,21,21,21,21,21,21,22,25,8,8,8,8,8,16,16,16,16,16,16,16,16,16,16,16,16,16,16,17,17,24,24,24,24,24,24,24,24,24,24,24,24,24,8,8,0,24,24,24,12,12,12,19,12,12,8,17,8,11,8,8,8,8,8,8,0,10,8,8,8,8,8,8,8,8,8,8,8,8,8,8,-8]} 1. d4 Nf6 2. Nf3 b6 3. Bf4 Bb7 4. e3 g6 5. h3 Bg7 6. Be2 O-O 7. O-O d6 8. a4 a6 9. c4 {A48: 1 d4 Nf6 2 Nf3 g6: Torre, London and Colle Systems} (9. c3 Nbd7 10. Nbd2 e6 11. Bh2 Qe7 12. a5 b5 13. c4 bxc4 14. Nxc4 Rfb8 15. Qa4 Nd5 16. Rfe1 N7f6 {½-½ (91) Naiditsch,A (2718)-Dominguez Perez,L (2754) Wijk aan Zee 2014}) 9... Nbd7 10. Nc3 Ne4 11. Nxe4 Bxe4 12. a5 c5 13. axb6 $146 (13. Nd2 $5 {[%cal Rd2e4]} Bb7 14. Nb3 $11) ({Predecessor:} 13. Qd2 bxa5 14. Rxa5 Qb6 15. Ng5 Bb7 16. Rd1 cxd4 17. b4 {0-1 (33) Carl,M-Willsch,M Bad Segeberg 1995}) 13... Qxb6 14. Ng5 Bb7 {[%cal Rc5d4]} 15. d5 a5 ({Don't blunder} 15... Bxb2 $2 16. Rb1 $18) 16. Ra2 (16. Qa4 $5 {[%cal Ra4d7]} Bc8 17. Bd3 $11) 16... a4 (16... Bxb2 $2 17. Qa4 $18) 17. Rxa4 (17. Ne4 $11) 17... Qxb2 18. Rxa8 Rxa8 19. Bg4 Nb6 20. Qd3 Qc3 (20... h6 $17 21. Nxf7 Kxf7 22. Be6+ Ke8 23. Bxh6 Bxh6 24. Qxg6+ Kd8 25. Qxh6 Kc7) 21. Qe4 $11 e5 ({But not} 21... Nxc4 $6 22. Qxe7 Bxd5 23. Bf3 $16) 22. Nxf7 $1 Qxc4 23. Qxc4 Nxc4 24. Be6 $36 {[%mdl 2048] White fights for an advantage.} Kf8 25. Bg5 h6 (25... e4 $11) 26. Nxh6 $16 Nd2 27. Rc1 Ne4 28. h4 (28. Nf7 $14) 28... Nxg5 $11 29. hxg5 {[#] Hoping for Nf7.} Ra4 (29... e4 $1 $11 {remains equal.}) 30. Ng4 (30. f3 $16) 30... Ke7 (30... e4 $1 $11) 31. f3 {[%cal Bf2f3,Bf3e4][%mdl 32]} (31. Rb1 $5 {[%cal Rb1b7]} Rb4 32. Rf1 $14) 31... e4 32. fxe4 Ra1 ({Reject} 32... Rxe4 $6 33. Rb1 $16) 33. Rxa1 Bxa1 {[%mdl 4096] Endgame KBB-KBN} 34. Kf2 c4 35. Ke1 Ba6 $1 {White must now prevent ...c3.} 36. e5 dxe5 37. Nf6 c3 38. Bd7 Bd3 39. Ba4 Kd6 40. Kd1 e4 41. Bc2 Ke5 {[#]} 42. d6 $1 {[%mdl 512] d7 would kill now.} Bxc2+ $1 (42... Kxd6 43. Nxe4+) 43. Kxc2 {Intending d7 and mate.} Kxd6 44. Nxe4+ {KB-KN} Ke5 45. Ng3 Bb2 46. Kd3 Ba3 47. Kxc3 Be7 48. Kd3 Bxg5 49. Ke2 Bd8 50. Kf3 Bb6 51. Ne2 Ba7 52. Nf4 Kf6 53. Ke4 Kg5 54. Kf3 Kf6 55. Nd3 Kg5 56. e4 Bb8 $1 {The position is equal.} 57. Nb4 Bd6 58. Nc6 {And now e5 would win.} Kf6 59. Ke3 Ba3 60. e5+ Kf5 $1 61. Kf3 Bb2 $1 62. g4+ Kg5 $1 63. Kg3 Bc1 64. Kf3 {White wants to play Nd8.} Bb2 $1 65. e6 {Threatening mate with e7.} Kf6 66. e7 Kf7 67. Kf4 Bf6 68. Ne5+ Kxe7 69. Nxg6+ Ke6 70. Ke4 Bg5 71. Nf4+ Bxf4 72. g5 {Precision: White = 57%, Black = 65%.} (72. Kxf4 $5 {[%cal Rf4g5]} Kf6 73. g5+ Kg7 74. Kg4 $11) 1/2-1/2

[Event "Top 12 FRA-chT 2017"]
[Site "Chartres"]
[Date "2017.05.22"]
[Round "5"]
[White "Bollengier, Andreea"]
[Black "Guerlin Dit De Guer, Clarisse"]
[Result "1-0"]
[WhiteElo "2234"]
[BlackElo "1278"]
[Annotator "TA"]
[PlyCount "65"]
[EventDate "2017.??.??"]
[EventType "team-tourn"]
[EventCountry "FRA"]
[SourceTitle "playchess.com"]
[Source "ChessBase"]
[SourceQuality "1"]
[WhiteTeam "Nice Alekhine"]
[BlackTeam "Montpellier"]

{[%evp 20,65,22,-9,37,32,34,10,94,36,207,76,220,26,320,79,200,176,435,436,439,429,428,419,420,413,816,706,814,682,643,468,460,455,1252,1239,1916,1252,1880,1622,29994,1596,2360,2386,2338,2378,2174,2164]} 1. d4 e6 2. c4 d5 3. Nc3 Nf6 4. Bg5 Nbd7 5. Nf3 Be7 6. e3 O-O 7. cxd5 exd5 8. Bd3 b6 9. O-O Bb7 10. Rc1 c5 11. Bb1 a6 {D55: Queen's Gambit Declined: 4 Bg5 Be7: Lines without ...h6 and 6...h6 7 Bxf6} (11... Ne4 12. Bxe7 Qxe7 13. dxc5 {½-½ (13) Belik,D (2350)-Bazant,P (2272) Czechia 2014}) 12. Ne5 Re8 13. f4 g6 $146 (13... h6 $11) ({Predecessor:} 13... c4 14. Rf3 Ne4 15. Bxe7 Qxe7 16. Bxe4 dxe4 17. Rg3 Nxe5 18. fxe5 {1-0 (41) Lowcki,M-Treybal,K Breslau 1912}) 14. f5 (14. Qf3 $16) 14... Rc8 $2 {[#]} (14... cxd4 $14 15. exd4 Nxe5 16. dxe5 Ne4 17. Bxe7 Qxe7 18. Nxd5 Bxd5 19. Qxd5 Qxe5) 15. Kh1 (15. fxg6 $18 {and White stays clearly on top.} fxg6 16. Nxg6 hxg6 17. Bxg6) 15... b5 (15... cxd4 $16 16. exd4 Nxe5 17. dxe5 Ne4 18. Bxe7 Qxe7) 16. a3 $2 (16. Qf3 $18) 16... Ne4 $2 {[%mdl 8192]} (16... Nxe5 $11 {and Black has nothing to worry.} 17. dxe5 Ne4 18. Bxe7 Rxe7) 17. Bxe7 $2 (17. Nxf7 $18 {and the rest is easy.} Kxf7 18. fxg6+ Kxg6 19. Bxe7 Qxe7 20. Qg4+ Qg5 21. Qxd7) 17... Qxe7 (17... Rxe7 $16 18. Nxe4 dxe4) 18. fxg6 $18 fxg6 $2 {[#]} (18... Nxe5 {is a better defense.} 19. Bxe4 (19. dxe5 hxg6 20. Nxd5 Bxd5 $16) 19... dxe4) 19. Nxe4 dxe4 20. Rf7 Qxf7 21. Nxf7 Kxf7 22. dxc5 Nxc5 (22... Ne5 $142 23. Qb3+ Kg7) 23. Ba2+ Kg7 24. Qd4+ Kh6 25. h4 ({Less strong is} 25. Rxc5 Rxc5 26. h4 (26. Qxc5 Rc8 $16) 26... Rce5 $16) 25... Nd3 26. Rxc8 Rxc8 (26... Bxc8 $142 27. Qf6 Bf5) 27. Qd7 Nc5 28. Qe7 Ba8 29. g4 Na4 30. g5+ (30. Be6 $142 Rh8 31. Qg5+ Kg7 32. Qe5+ Kf8 33. Qf6+ Ke8 34. Qf7+ Kd8 35. Qd7#) 30... Kh5 {White is clearly winning.} 31. Qxh7+ Kg4 32. Be6+ Kf3 33. Bxc8 {Precision: White = 33%, Black =  9%.} 1-0